| 000 | 00487nam a2200157Ia 4500 | ||
|---|---|---|---|
| 008 | 151213s9999 xx 000 0 und d | ||
| 100 | _aN.Chandra Shil , M.Zakaria Masud & M.Faridul Alam | ||
| 245 |
_aBangladesh Income Tax _cN.Chandra Shil , M.Zakaria Masud & M.Faridul Alam |
||
| 250 | _a3rd | ||
| 260 |
_bShems Publications _c2009 |
||
| 300 | _a7085 p. | ||
| 650 | _aAccounting | ||
| 650 | _aAccounting | ||
| 700 | _aN.Chandra Shil , M.Zakaria Masud & M.Faridul Alam | ||
| 999 |
_c3753 _d3753 |
||